[Event "DEM U14 2023"]
[Site "Willingen GER"]
[Date "2023.06.01"]
[Round "7"]
[White "Limmer, Marco"]
[Black "Fruth, David"]
[Result "1/2-1/2"]
[Termination "normal"]
[Board "14"]
[WhiteElo "1774"]
[BlackElo "1851"]
[WhiteClock "00:07:48"]
[BlackClock "00:24:57"]
[PlyCount "67"]
[WhiteFideId "34603506"]
[BlackFideId "16257596"]
[EventCountry "GER"]
[EventRounds "9"]
[EventType "swiss"]
[EventDate "2023.05.27"]

1. Nf3 {[%clk 01:30:50]} {[%emt 00:00:10]} Nf6 {[%clk 01:30:45]} {[%emt
00:00:15]} 2. g3 {[%clk 01:31:13]} {[%emt 00:00:07]} g6 {[%clk 01:31:14]} 3.
Bg2 {[%clk 01:31:34]} {[%emt 00:00:09]} Bg7 {[%clk 01:31:43]} {[%emt 00:00:01]}
4. O-O {[%clk 01:31:50]} {[%emt 00:00:14]} O-O {[%clk 01:32:08]} {[%emt
00:00:05]} 5. d3 {[%clk 01:32:16]} {[%emt 00:00:04]} d6 {[%clk 01:32:31]}
{[%emt 00:00:07]} 6. c4 {[%clk 01:32:17]} {[%emt 00:00:28]} c6 {[%clk
01:30:06]} {[%emt 00:02:55]} 7. Nc3 {[%clk 01:32:12]} {[%emt 00:00:35]} Qa5
{[%clk 01:30:24]} {[%emt 00:00:12]} 8. Bd2 {[%clk 01:32:06]} {[%emt 00:00:36]}
Qh5 {[%clk 01:30:40]} {[%emt 00:00:14]} 9. Rb1 {[%clk 01:26:31]} {[%emt
00:06:05]} Bh3 {[%clk 01:25:28]} {[%emt 00:05:42]} 10. Nh4 {[%clk 01:23:38]}
{[%emt 00:03:23]} Bxg2 {[%clk 01:23:31]} {[%emt 00:02:27]} 11. Kxg2 {[%clk
01:23:10]} {[%emt 00:00:58]} Nbd7 {[%clk 01:22:19]} {[%emt 00:01:42]} 12. e3
{[%clk 01:22:04]} {[%emt 00:01:36]} Ne5 {[%clk 01:16:31]} {[%emt 00:06:18]} 13.
Bc1 {[%clk 01:14:39]} {[%emt 00:07:55]} Qxd1 {[%clk 01:03:55]} {[%emt
00:13:06]} 14. Rxd1 {[%clk 01:14:08]} {[%emt 00:01:01]} c5 {[%clk 01:03:53]}
{[%emt 00:00:31]} 15. b3 {[%clk 01:09:33]} {[%emt 00:05:06]} b6 {[%clk
01:00:01]} {[%emt 00:04:22]} 16. Bb2 {[%emt 00:05:50]} Rfd8 {[%clk 00:59:10]}
{[%emt 00:01:19]} 17. Rd2 {[%clk 00:55:24]} {[%emt 00:09:20]} d5 {[%clk
00:47:26]} {[%emt 00:12:13]} 18. Nb5 {[%clk 00:52:42]} {[%emt 00:03:13]} Nc6
{[%clk 00:34:48]} {[%emt 00:13:09]} 19. Nc7 {[%clk 00:29:24]} {[%emt 00:23:48]}
Rac8 {[%clk 00:34:12]} {[%emt 00:01:06]} 20. Bxf6 {[%clk 00:27:42]} {[%emt
00:02:11]} Rxc7 {[%clk 00:34:02]} {[%emt 00:00:40]} 21. Bxg7 {[%clk 00:28:08]}
{[%emt 00:00:04]} Kxg7 {[%clk 00:34:21]} {[%emt 00:00:12]} 22. cxd5 {[%clk
00:25:55]} {[%emt 00:02:42]} Rxd5 {[%clk 00:34:49]} {[%emt 00:00:02]} 23. Rbd1
{[%clk 00:25:33]} {[%emt 00:00:52]} Rcd7 {[%clk 00:35:07]} {[%emt 00:00:12]}
24. Nf3 {[%clk 00:25:13]} {[%emt 00:00:50]} Nb4 {[%clk 00:34:38]} {[%emt
00:00:59]} 25. d4 {[%clk 00:23:57]} {[%emt 00:01:47]} cxd4 {[%clk 00:34:52]}
{[%emt 00:00:16]} 26. Nxd4 {[%clk 00:23:05]} {[%emt 00:01:21]} e5 {[%clk
00:34:26]} {[%emt 00:00:56]} 27. a3 {[%clk 00:19:47]} {[%emt 00:03:49]} exd4
{[%clk 00:34:50]} {[%emt 00:00:05]} 28. axb4 {[%clk 00:20:11]} {[%emt
00:00:07]} d3 {[%clk 00:35:03]} {[%emt 00:00:17]} 29. Kf3 {[%clk 00:19:52]}
{[%emt 00:00:48]} f5 {[%clk 00:34:57]} {[%emt 00:00:36]} 30. Kg2 {[%clk
00:12:17]} {[%emt 00:08:05]} Kf6 {[%clk 00:35:13]} {[%emt 00:00:14]} 31. f4
{[%clk 00:12:05]} {[%emt 00:00:43]} Ke7 {[%clk 00:34:29]} {[%emt 00:01:14]} 32.
Rc1 {[%clk 00:10:31]} {[%emt 00:02:04]} Ke6 {[%clk 00:29:09]} {[%emt 00:05:49]}
33. Kf3 {[%clk 00:09:10]} {[%emt 00:01:50]} Ke7 {[%clk 00:24:57]} {[%emt
00:04:43]} 34. h3 {[%clk 00:07:48]} {[%emt 00:01:52]} 1/2-1/2

[Event "DEM U14 2023"]
[Site "Willingen GER"]
[Date "2023.06.01"]
[Round "7"]
[White "Blodig, Vincent"]
[Black "Sickmann, Lisa"]
[Result "1-0"]
[Termination "normal"]
[Board "15"]
[WhiteElo "1580"]
[BlackElo "1892"]
[WhiteClock "00:14:35"]
[BlackClock "00:24:26"]
[PlyCount "103"]
[WhiteFideId "16297857"]
[BlackFideId "16267818"]
[EventCountry "GER"]
[EventRounds "9"]
[EventType "swiss"]
[EventDate "2023.05.27"]

1. e4 {[%clk 01:30:54]} {[%emt 00:00:05]} e5 {[%clk 01:30:44]} {[%emt
00:00:18]} 2. Nf3 {[%clk 01:31:21]} {[%emt 00:00:03]} Nc6 {[%clk 01:31:03]}
{[%emt 00:00:10]} 3. Bc4 {[%clk 01:31:45]} {[%emt 00:00:06]} Bc5 {[%clk
01:31:25]} {[%emt 00:00:08]} 4. O-O {[%clk 01:32:08]} {[%emt 00:00:07]} Nf6
{[%clk 01:31:26]} {[%emt 00:00:29]} 5. d3 {[%clk 01:32:33]} {[%emt 00:00:06]}
h6 {[%clk 01:31:39]} {[%emt 00:00:17]} 6. Re1 {[%clk 01:30:14]} {[%emt
00:02:49]} O-O {[%clk 01:31:28]} {[%emt 00:00:40]} 7. c3 {[%clk 01:30:06]}
{[%emt 00:00:38]} d6 {[%clk 01:28:59]} {[%emt 00:02:59]} 8. h3 {[%clk
01:30:18]} {[%emt 00:00:17]} a6 {[%clk 01:29:13]} {[%emt 00:00:17]} 9. a4
{[%clk 01:30:08]} {[%emt 00:00:39]} a5 {[%clk 01:25:54]} {[%emt 00:03:50]} 10.
Nbd2 {[%clk 01:30:33]} {[%emt 00:00:06]} Re8 {[%clk 01:25:06]} {[%emt
00:01:18]} 11. Qb3 {[%clk 01:16:53]} {[%emt 00:14:10]} Qe7 {[%clk 01:19:35]}
{[%emt 00:05:58]} 12. Nf1 {[%clk 01:05:21]} {[%emt 00:12:03]} Rb8 {[%clk
01:10:30]} {[%emt 00:09:36]} 13. Be3 {[%clk 00:57:56]} {[%emt 00:07:55]} Bxe3
{[%clk 01:09:07]} {[%emt 00:01:54]} 14. Nxe3 {[%clk 00:58:09]} {[%emt
00:00:16]} Be6 {[%clk 01:07:54]} {[%emt 00:01:43]} 15. Nh4 {[%clk 00:51:53]}
{[%emt 00:06:46]} g6 {[%clk 00:56:36]} {[%emt 00:11:48]} 16. Nf3 {[%clk
00:49:54]} {[%emt 00:02:29]} Bxc4 {[%clk 00:54:58]} {[%emt 00:02:08]} 17. Nxc4
{[%clk 00:49:33]} {[%emt 00:00:51]} Qd7 {[%clk 00:51:16]} {[%emt 00:04:13]} 18.
Qb5 {[%clk 00:45:06]} {[%emt 00:04:57]} b6 {[%clk 00:51:04]} {[%emt 00:00:41]}
19. Ne3 {[%clk 00:43:02]} {[%emt 00:02:33]} Rbd8 {[%clk 00:49:41]} {[%emt
00:01:52]} 20. b4 {[%clk 00:33:06]} {[%emt 00:10:28]} axb4 {[%clk 00:47:45]}
{[%emt 00:02:26]} 21. cxb4 {[%clk 00:31:10]} {[%emt 00:02:27]} d5 {[%clk
00:41:14]} {[%emt 00:07:00]} 22. Rec1 {[%clk 00:15:02]} {[%emt 00:16:38]} Re6
{[%clk 00:34:38]} {[%emt 00:07:07]} 23. exd5 {[%clk 00:12:03]} {[%emt
00:03:29]} Nxd5 {[%clk 00:34:50]} {[%emt 00:00:16]} 24. Nxd5 {[%clk 00:12:15]}
{[%emt 00:00:19]} Qxd5 {[%clk 00:35:09]} {[%emt 00:00:11]} 25. Qxd5 {[%clk
00:12:22]} {[%emt 00:00:23]} Rxd5 {[%clk 00:35:32]} {[%emt 00:00:08]} 26. b5
{[%clk 00:12:18]} {[%emt 00:00:33]} Nd4 {[%clk 00:34:21]} {[%emt 00:01:41]} 27.
Nxd4 {[%clk 00:10:41]} {[%emt 00:02:08]} Rxd4 {[%clk 00:27:44]} {[%emt
00:07:06]} 28. Rxc7 {[%clk 00:06:32]} {[%emt 00:04:39]} Rxd3 {[%clk 00:27:11]}
{[%emt 00:01:03]} 29. Rac1 {[%clk 00:06:49]} {[%emt 00:00:13]} Kf8 {[%clk
00:26:54]} {[%emt 00:00:48]} 30. Kf1 {[%clk 00:04:23]} {[%emt 00:02:55]} Ke8
{[%clk 00:23:53]} {[%emt 00:03:29]} 31. Ke2 {[%clk 00:04:11]} {[%emt 00:00:44]}
Rd4 {[%emt 00:03:26]} 32. Ra7 {[%clk 00:02:38]} {[%emt 00:00:03]} Rd7 {[%clk
00:20:04]} {[%emt 00:03:22]} 33. Ra6 {[%clk 00:02:12]} {[%emt 00:00:58]} Ke7
{[%clk 00:15:10]} {[%emt 00:05:24]} 34. Rc6 {[%clk 00:01:29]} {[%emt 00:01:13]}
Rb7 {[%clk 00:11:57]} {[%emt 00:03:43]} 35. Ke3 {[%clk 00:01:41]} {[%emt
00:00:18]} h5 {[%clk 00:01:23]} {[%emt 00:11:04]} 36. Ke4 {[%clk 00:00:53]}
{[%emt 00:01:17]} f5+ {[%clk 00:01:24]} {[%emt 00:00:29]} 37. Kd5 {[%clk
00:01:16]} {[%emt 00:00:08]} Rd7+ {[%clk 00:01:50]} {[%emt 00:00:04]} 38. Kc4
{[%clk 00:01:33]} {[%emt 00:00:13]} Rd4+ {[%clk 00:00:53]} {[%emt 00:01:26]}
39. Kb3 {[%clk 00:01:19]} {[%emt 00:00:44]} Rxc6 {[%clk 00:00:44]} {[%emt
00:00:40]} 40. bxc6 {[%clk 00:01:43]} {[%emt 00:00:05]} Kd6 {[%clk 00:01:07]}
{[%emt 00:00:07]} 41. Rxb6 {[%clk 00:02:05]} {[%emt 00:00:08]} Kc7 {[%clk
00:01:31]} {[%emt 00:00:06]} 42. Rb5 {[%clk 00:02:07]} {[%emt 00:00:28]} Kxc6
{[%clk 00:01:46]} {[%emt 00:00:15]} 43. Rxe5 {[%clk 00:02:25]} {[%emt
00:00:12]} Kd6 {[%clk 00:01:58]} {[%emt 00:00:18]} 44. Re2 {[%clk 00:23:46]}
{[%emt 00:09:09]} g5 {[%clk 00:29:19]} {[%emt 00:03:09]} 45. a5 {[%clk
00:23:06]} {[%emt 00:01:09]} Kc6 {[%clk 00:29:03]} {[%emt 00:00:46]} 46. Ra2
{[%clk 00:21:08]} {[%emt 00:02:29]} h4 {[%clk 00:28:31]} {[%emt 00:01:03]} 47.
a6 {[%clk 00:19:47]} {[%emt 00:01:50]} Rd8 {[%clk 00:28:52]} {[%emt 00:00:10]}
48. a7 {[%clk 00:19:45]} {[%emt 00:00:32]} Ra8 {[%clk 00:28:51]} {[%emt
00:00:30]} 49. Kc4 {[%clk 00:19:04]} {[%emt 00:01:11]} g4 {[%clk 00:26:32]}
{[%emt 00:02:49]} 50. Kd4 {[%clk 00:15:40]} {[%emt 00:03:54]} f4 {[%clk
00:24:49]} {[%emt 00:02:13]} 51. f3 {[%clk 00:14:12]} {[%emt 00:01:58]} gxh3
{[%clk 00:24:26]} {[%emt 00:00:53]} 52. gxh3 {[%clk 00:14:35]} {[%emt
00:00:07]} 1-0

[Event "DEM U14 2023"]
[Site "Willingen GER"]
[Date "2023.06.01"]
[Round "7"]
[White "Steger, Lukas Daniel"]
[Black "Torosyan, Bagrat"]
[Result "1-0"]
[Termination "normal"]
[Board "16"]
[WhiteElo "1732"]
[BlackElo "1973"]
[WhiteClock "00:00:52"]
[BlackClock "00:02:18"]
[PlyCount "83"]
[WhiteFideId "3335151"]
[BlackFideId "16258134"]
[EventCountry "GER"]
[EventRounds "9"]
[EventType "swiss"]
[EventDate "2023.05.27"]

1. d4 {[%clk 01:30:58]} {[%emt 00:00:01]} Nf6 {[%clk 01:30:57]} {[%emt
00:00:04]} 2. c4 {[%clk 01:31:24]} {[%emt 00:00:04]} g6 {[%clk 01:31:25]}
{[%emt 00:00:02]} 3. Nc3 {[%clk 01:31:48]} {[%emt 00:00:06]} Bg7 {[%clk
01:31:52]} {[%emt 00:00:03]} 4. e4 {[%clk 01:32:12]} {[%emt 00:00:05]} d6
{[%clk 01:32:21]} {[%emt 00:00:03]} 5. Nf3 {[%clk 01:32:36]} {[%emt 00:00:05]}
O-O {[%clk 01:32:44]} {[%emt 00:00:07]} 6. Be2 {[%clk 01:33:04]} {[%emt
00:00:02]} e5 {[%clk 01:32:56]} {[%emt 00:00:18]} 7. O-O {[%clk 01:33:30]}
{[%emt 00:00:04]} Nc6 {[%clk 01:33:23]} {[%emt 00:00:04]} 8. d5 {[%clk
01:33:52]} {[%emt 00:00:07]} Ne7 {[%clk 01:33:50]} {[%emt 00:00:03]} 9. Ne1
{[%clk 01:34:16]} {[%emt 00:00:06]} Nd7 {[%clk 01:33:58]} {[%emt 00:00:22]} 10.
Nd3 {[%clk 01:34:41]} {[%emt 00:00:04]} f5 {[%clk 01:34:14]} {[%emt 00:00:15]}
11. f3 {[%clk 01:35:07]} {[%emt 00:00:05]} f4 {[%clk 01:34:31]} {[%emt
00:00:12]} 12. Bd2 {[%clk 01:35:32]} {[%emt 00:00:05]} g5 {[%clk 01:33:56]}
{[%emt 00:01:05]} 13. Rc1 {[%clk 01:35:56]} {[%emt 00:00:06]} Nf6 {[%clk
01:32:39]} {[%emt 00:01:46]} 14. c5 {[%clk 01:36:21]} {[%emt 00:00:06]} Ng6
{[%clk 01:32:32]} {[%emt 00:00:36]} 15. cxd6 {[%clk 01:36:08]} {[%emt
00:00:44]} cxd6 {[%clk 01:32:54]} {[%emt 00:00:08]} 16. Nf2 {[%clk 01:36:00]}
{[%emt 00:00:37]} Rf7 {[%clk 01:28:23]} {[%emt 00:05:01]} 17. a4 {[%clk
01:35:01]} {[%emt 00:01:30]} h5 {[%clk 01:25:29]} {[%emt 00:03:24]} 18. h3
{[%clk 01:35:13]} {[%emt 00:00:18]} Bf8 {[%clk 01:22:57]} {[%emt 00:03:01]} 19.
Qc2 {[%clk 01:34:29]} {[%emt 00:01:14]} g4 {[%clk 01:12:46]} {[%emt 00:10:42]}
20. fxg4 {[%clk 01:30:08]} {[%emt 00:04:51]} hxg4 {[%clk 01:13:07]} {[%emt
00:00:09]} 21. hxg4 {[%clk 01:25:57]} {[%emt 00:04:40]} Rh7 {[%clk 01:13:10]}
{[%emt 00:00:28]} 22. Nb5 {[%clk 01:13:29]} {[%emt 00:12:58]} Ne8 {[%clk
01:01:22]} {[%emt 00:12:17]} 23. Be1 {[%clk 00:58:04]} {[%emt 00:15:54]} f3
{[%clk 00:38:57]} {[%emt 00:22:56]} 24. Bxf3 {[%clk 00:52:48]} {[%emt
00:05:46]} Bh6 {[%clk 00:39:17]} {[%emt 00:00:10]} 25. Bd2 {[%clk 00:36:12]}
{[%emt 00:17:07]} Qh4 {[%clk 00:22:59]} {[%emt 00:16:47]} 26. Nh3 {[%clk
00:27:24]} {[%emt 00:09:18]} Bxg4 {[%clk 00:21:00]} {[%emt 00:02:29]} 27. Bxg4
{[%clk 00:19:12]} {[%emt 00:08:43]} Qxg4 {[%clk 00:21:27]} {[%emt 00:00:04]}
28. Bxh6 {[%clk 00:17:31]} {[%emt 00:02:11]} Rxh6 {[%clk 00:21:53]} {[%emt
00:00:03]} 29. Qd3 {[%clk 00:16:04]} {[%emt 00:01:57]} Nh4 {[%clk 00:19:13]}
{[%emt 00:03:10]} 30. Rc2 {[%clk 00:13:05]} {[%emt 00:03:29]} Rg6 {[%clk
00:19:19]} {[%emt 00:00:24]} 31. Rff2 {[%clk 00:11:46]} {[%emt 00:01:49]} a6
{[%clk 00:12:47]} {[%emt 00:07:03]} 32. Nc3 {[%clk 00:12:00]} {[%emt 00:00:15]}
Nf6 {[%clk 00:11:35]} {[%emt 00:01:42]} 33. Kh1 {[%clk 00:08:36]} {[%emt
00:03:55]} b5 {[%clk 00:08:19]} {[%emt 00:03:46]} 34. Qe2 {[%clk 00:05:28]}
{[%emt 00:03:37]} Qg3 {[%clk 00:08:25]} {[%emt 00:00:24]} 35. Rxf6 {[%clk
00:01:14]} {[%emt 00:04:44]} Rxf6 {[%clk 00:08:46]} {[%emt 00:00:09]} 36. Nd1
{[%clk 00:01:14]} {[%emt 00:00:29]} Raf8 {[%clk 00:06:49]} {[%emt 00:02:27]}
37. Ne3 {[%clk 00:01:13]} {[%emt 00:00:32]} Rf2 {[%clk 00:04:04]} {[%emt
00:03:15]} 38. Nxf2 {[%clk 00:01:25]} {[%emt 00:00:19]} Rf3 {[%clk 00:03:06]}
{[%emt 00:01:28]} 39. Nfg4 {[%clk 00:00:37]} {[%emt 00:01:17]} Nxg2 {[%clk
00:02:07]} {[%emt 00:01:29]} 40. Qxg2 {[%clk 00:00:32]} {[%emt 00:00:35]} Qh4+
{[%clk 00:02:14]} {[%emt 00:00:22]} 41. Nh2+ {[%clk 00:00:34]} {[%emt
00:00:29]} Rg3 {[%clk 00:02:18]} {[%emt 00:00:26]} 42. Qxg3+ {[%clk 00:00:52]}
{[%emt 00:00:13]} 1-0

[Event "DEM U14 2023"]
[Site "Willingen GER"]
[Date "2023.06.01"]
[Round "7"]
[White "Mohammadzadeh, Daris"]
[Black "Nönnig, Jakob"]
[Result "1/2-1/2"]
[Termination "normal"]
[Board "18"]
[WhiteElo "1639"]
[BlackElo "1736"]
[WhiteClock "00:01:17"]
[BlackClock "00:00:39"]
[PlyCount "199"]
[WhiteFideId "34604359"]
[BlackFideId "16289447"]
[EventCountry "GER"]
[EventRounds "9"]
[EventType "swiss"]
[EventDate "2023.05.27"]

{[%evp 0,179,19,-18,2,6,-4,-26,-29,-26,-11,1,22,22,37,45,45,22,39,36,36,33,23,
36,93,52,63,54,48,51,51,28,56,37,64,11,17,11,3,0,0,13,23,26,26,33,38,7,13,-47,
-42,-44,-38,-42,-41,-56,-48,-42,-48,-55,-53,-58,-65,-70,-63,-96,-104,-106,-112,
-107,-85,-92,-89,-89,-89,-87,-93,-87,-78,-82,-85,-82,-85,-88,-91,-88,-96,-82,
-104,-97,-125,-118,-73,-55,-70,-118,-102,-125,-94,-87,-20,-121,-149,-114,-106,
-146,-125,-110,-128,-167,-40,-120,-120,-109,-153,-159,-99,-106,-71,-62,-58,-50,
0,0,0,0,0,0,0,0,0,0,0,0,0,0,-22,-23,-23,-23,-21,-23,-23,-22,-20,-20,-17,-16,
-19,-10,-4,-4,0,-4,0,-27,-20,-22,-18,-24,-21,-37,-37,-38,-36,-36,-36,-36,-36,
-38,-39,-40,-37,-38,-39,-37,-38,-39,-38,-38,-38,-38]} 1. c4 {[%emt 0:00:03]} e6
{[%emt 0:00:07]} 2. Nc3 {[%emt 0:02:25]} d5 {[%emt 0:00:15]} 3. cxd5 {[%emt
0:01:03]} exd5 {[%emt 0:00:14]} 4. d4 {[%emt 0:00:06]} Nf6 {[%emt 0:00:37]} 5.
Bg5 {[%emt 0:00:23]} Be7 {[%emt 0:01:43]} 6. e3 {[%emt 0:00:19]} c6 {[%emt
0:01:52]} 7. Bd3 {[%emt 0:00:31]} O-O {[%emt 0:01:07]} 8. Qc2 {[%emt 0:00:33]}
Nbd7 {[%emt 0:00:20]} 9. Nge2 {[%emt 0:00:22]} Re8 {[%emt 0:01:37]} 10. O-O
{[%emt 0:01:06]} Nf8 {[%emt 0:01:05]} 11. Rae1 {[%emt 0:03:54]} Ne4 {[%emt
0:26:25]} 12. Bxe7 {[%emt 0:03:00]} Qxe7 {[%emt 0:00:12]} 13. Bxe4 {[%emt
0:07:19]} dxe4 {[%emt 0:00:06]} 14. Ng3 {[%emt 0:01:59]} f5 {[%emt 0:01:20]}
15. d5 {[%emt 0:13:16]} Qc5 {[%emt 0:16:38]} 16. Qb3 {[%emt 0:12:24]} cxd5
{[%emt 0:01:11]} 17. Qxd5+ {[%emt 0:01:25]} Qxd5 {[%emt 0:00:19]} 18. Nxd5
{[%emt 0:00:06]} Re5 {[%emt 0:00:28]} 19. Rd1 {[%emt 0:07:27]} Be6 {[%emt
0:01:20]} 20. Nc7 {[%emt 0:04:38]} Rc8 {[%emt 0:00:31]} 21. Nxe6 {[%emt
0:00:27]} Nxe6 {[%emt 0:00:10]} 22. Rd7 {[%emt 0:02:51]} Nc5 {[%emt 0:04:27]}
23. Rd2 {[%emt 0:03:42]} Nd3 {[%emt 0:02:16]} 24. Ne2 {[%emt 0:05:33]} Rec5
{[%emt 0:02:57]} 25. Nd4 {[%emt 0:09:28]} g6 {[%emt 0:06:10]} 26. h3 {[%emt
0:04:37]} Rc1 {[%emt 0:11:06]} 27. Rxc1 {[%emt 0:03:53]} Rxc1+ {[%emt 0:00:02]}
28. Kh2 {[%emt 0:00:10]} Kf7 {[%emt 0:01:39]} 29. Kg3 {[%emt 0:01:49]} Kf6
{[%emt 0:00:37]} 30. Ne2 {[%emt 0:05:06]} Ra1 {[%emt 0:01:31]} 31. b3 {[%emt
0:02:02]} g5 {[%emt 0:00:35]} 32. f4 {[%emt 0:01:05]} h6 {[%emt 0:01:26]} 33.
fxg5+ {[%emt 0:00:09]} hxg5 {[%emt 0:00:07]} 34. h4 {[%emt 0:00:36]} Re1 {[%emt
0:05:14]} 35. hxg5+ {[%emt 0:01:27]} Kxg5 {[%emt 0:00:03]} 36. Rc2 {[%emt
0:00:21]} Nb4 {[%emt 0:02:40]} 37. Rd2 {[%emt 0:00:22]} Nd3 {[%emt 0:01:32]}
38. Rc2 {[%emt 0:00:28]} b5 {[%emt 0:05:36]} 39. Rd2 {[%emt 0:01:22]} a5 {[%emt
0:03:10]} 40. Rc2 {[%emt 0:00:31]} Ne5 {[%emt 0:01:04]} 41. Kf2 {[%emt
0:09:32]} Nd3+ {[%emt 0:01:21]} 42. Kg3 {[%emt 0:00:55]} a4 {[%emt 0:20:57]}
43. bxa4 {[%emt 0:04:24]} bxa4 {[%emt 0:00:01]} 44. Rd2 {[%emt 0:01:06]} a3
{[%emt 0:01:14]} 45. Rc2 {[%emt 0:04:19]} Rb1 {[%emt 0:03:49]} 46. Nf4 {[%emt
0:11:01]} Re1 {[%emt 0:03:58]} 47. Ne2 {[%emt 0:01:08]} Kf6 {[%emt 0:02:02]}
48. Rc6+ {[%emt 0:01:51]} Ke7 {[%emt 0:01:03]} 49. Rc2 {[%emt 0:00:24]} Rb1
{[%emt 0:01:01]} 50. Rc3 {[%emt 0:00:45]} Rb2 {[%emt 0:00:33]} 51. Nd4 {[%emt
0:00:15]} Rxa2 {[%emt 0:00:35]} 52. Nc2 {[%emt 0:00:18]} Kf6 {[%emt 0:00:37]}
53. Nxa3 {[%emt 0:01:05]} Ne1 {[%emt 0:00:14]} 54. Rc6+ {[%emt 0:00:33]} Ke7
{[%emt 0:00:43]} 55. Nb5 {[%emt 0:00:28]} Rxg2+ {[%emt 0:00:12]} 56. Kf4 {[%emt
0:00:18]} Rf2+ {[%emt 0:00:33]} 57. Ke5 {[%emt 0:00:06]} Nd3+ {[%emt 0:00:24]}
58. Kd4 {[%emt 0:00:25]} Rb2 {[%emt 0:00:34]} 59. Nc3 {[%emt 0:00:39]} Rb4+
{[%emt 0:00:47]} 60. Rc4 {[%emt 0:00:38]} Rb2 {[%emt 0:00:29]} 61. Nxe4 {[%emt
0:00:58]} fxe4 {[%emt 0:00:20]} 62. Kxe4 {[%emt 0:00:03]} Nf2+ {[%emt 0:00:32]}
63. Kf3 {[%emt 0:00:21]} Nd3 {[%emt 0:00:20]} 64. Ke4 {[%emt 0:00:08]} Nb4
{[%emt 0:00:09]} 65. Kd4 {[%emt 0:00:18]} Na6 {[%emt 0:00:32]} 66. Ra4 {[%emt
0:00:16]} Nb8 {[%emt 0:00:26]} 67. Rc4 {[%emt 0:00:30]} Nd7 {[%emt 0:00:16]}
68. Rc6 {[%emt 0:00:21]} Rd2+ {[%emt 0:00:18]} 69. Ke4 {[%emt 0:00:40]} Nf6+
{[%emt 0:00:45]} 70. Kf5 {[%emt 0:00:19]} Rd5+ {[%emt 0:00:34]} 71. Kf4 {[%emt
0:00:26]} Nd7 {[%emt 0:00:39]} 72. e4 {[%emt 0:00:29]} Rh5 {[%emt 0:00:28]} 73.
Rg6 {[%emt 0:00:38]} Nf8 {[%emt 0:00:31]} 74. Ra6 {[%emt 0:00:39]} Ne6+ {[%emt
0:00:16]} 75. Kg4 {[%emt 0:00:28]} Rg5+ {[%emt 0:00:08]} 76. Kf3 {[%emt
0:00:11]} Kf6 {[%emt 0:00:20]} 77. Rb6 {[%emt 0:00:35]} Re5 {[%emt 0:00:30]}
78. Rd6 {[%emt 0:00:30]} Ra5 {[%emt 0:01:21]} 79. Rd5 {[%emt 0:00:55]} Ra1
{[%emt 0:00:33]} 80. Ke3 {[%emt 0:00:58]} Re1+ {[%emt 0:00:26]} 81. Kf2 {[%emt
0:00:34]} Rxe4 {[%emt 0:00:11]} 82. Kf3 {[%emt 0:00:18]} Ra4 {[%emt 0:00:32]}
83. Ke3 {[%emt 0:00:11]} Ng7 {[%emt 0:00:25]} 84. Rb5 {[%emt 0:00:54]} Nf5+
{[%emt 0:00:22]} 85. Kd3 {[%emt 0:00:05]} Ke6 {[%emt 0:00:54]} 86. Rc5 {[%emt
0:00:42]} Nd6 {[%emt 0:00:56]} 87. Rh5 {[%emt 0:00:43]} Nf5 {[%emt 0:00:42]}
88. Rg5 {[%emt 0:00:25]} Ke5 {[%emt 0:00:37]} 89. Rg8 {[%emt 0:00:45]} Rd4+
{[%emt 0:00:32]} 90. Kc3 {[%emt 0:00:15]} Rd6 91. Rg1 Kf4 92. Re1 Ne3 93. Rh1
Ke5 94. Rh4 Nd5+ 95. Kc4 Nf4 96. Rh1 Rd4+ 97. Kc5 Ne6+ 98. Kc6 Rd6+ 99. Kb5
Nc7+ 100. Kc4 1/2-1/2